[Event "Landesliga Ost MVP 2013-14"]
[Site "?"]
[Date "2013.10.27"]
[Round "1.1"]
[White "Luethke, Hans Eckart"]
[Black "Stork, Michael"]
[Result "1/2-1/2"]
[WhiteElo "2096"]
[BlackElo "2009"]
[PlyCount "90"]
[EventType "team-tourn"]
[EventRounds "9"]
[EventCountry "GER"]
[WhiteTeam "SSC Graal-Müritz"]
[BlackTeam "ESV Waren"]
[WhiteTeamCountry "GER"]
[BlackTeamCountry "GER"]

1. e4 c5 2. Nf3 d6 3. d4 cxd4 4. Qxd4 a6 5. Be3 Nf6 6. Nc3 Nc6 7. Qb6 Qxb6 8.
Bxb6 g6 9. h3 Bg7 10. O-O-O O-O 11. Be2 h6 12. Rhe1 Be6 13. Nd4 Nxd4 14. Bxd4
Rfc8 15. f4 Nd7 16. Nd5 Bxd4 17. Rxd4 Bxd5 18. exd5 Nf6 19. Bf3 Rc7 20. c3 Rb8
21. g4 b5 22. Kd2 Kf8 23. h4 Nd7 24. Bd1 Nb6 25. b3 Rbc8 26. Re3 Rc5 27. Red3
a5 28. Bf3 Rb8 29. Be4 Kg7 30. Rf3 Nd7 31. g5 hxg5 32. hxg5 Rh8 33. Rf2 Rh3 34.
Rd3 Rh4 35. Bg2 Rh2 36. Ke2 Rc7 37. Re3 Nb6 38. Kf1 a4 39. Kg1 Rh8 40. Rd2 axb3
41. axb3 Ra8 42. Kf2 Ra3 43. Rb2 Ra1 44. Rc2 Rd1 45. Bf3 Rb1 1/2-1/2

[Event "Landesliga Ost MVP 2013-14"]
[Site "?"]
[Date "2013.10.27"]
[Round "1.2"]
[White "Schumacher, Albrecht"]
[Black "Schumann, Lutz"]
[Result "1-0"]
[WhiteElo "1925"]
[BlackElo "1838"]
[PlyCount "75"]
[EventType "team-tourn"]
[EventRounds "9"]
[EventCountry "GER"]
[WhiteTeam "ESV Waren"]
[BlackTeam "SSC Graal-Müritz"]
[WhiteTeamCountry "GER"]
[BlackTeamCountry "GER"]

1. d4 Nf6 2. c4 g6 3. Nc3 Bg7 4. e4 d6 5. Nf3 O-O 6. Be2 Nc6 7. d5 Nb4 8. a3
Na6 9. Qc2 c6 10. O-O cxd5 11. cxd5 Nc5 12. Be3 Bg4 13. b4 Ncd7 14. Rac1 Rc8
15. Qb3 Bxf3 16. gxf3 a6 17. a4 Ne5 18. a5 Qd7 19. Kg2 e6 20. Rfd1 Qe7 21. dxe6
fxe6 22. b5 axb5 23. Nxb5 d5 24. f4 Nxe4 25. fxe5 Bxe5 26. Rxc8 Rxc8 27. Rc1
Rf8 28. f4 Bg7 29. Bf3 Nd6 30. Bc5 Rxf4 31. Bxd6 Qg5+ 32. Kh1 Rxf3 33. Rc8+ Rf8
34. Bxf8 Bxf8 35. Qf3 Qf5 36. Qxf5 gxf5 37. Nd6 Kg7 38. Nxb7 1-0

[Event "Landesliga Ost MVP 2013-14"]
[Site "?"]
[Date "2013.10.27"]
[Round "1.3"]
[White "Schulz, Wolf Detlef"]
[Black "Wittig, Harry"]
[Result "1/2-1/2"]
[WhiteElo "1838"]
[BlackElo "1867"]
[PlyCount "43"]
[EventType "team-tourn"]
[EventRounds "9"]
[EventCountry "GER"]
[WhiteTeam "SSC Graal-Müritz"]
[BlackTeam "ESV Waren"]
[WhiteTeamCountry "GER"]
[BlackTeamCountry "GER"]

1. e4 c5 2. Nc3 Nc6 3. f4 g6 4. Nf3 Bg7 5. Bc4 d6 6. O-O Nh6 7. d3 O-O 8. Qe1
Nd4 9. Nxd4 cxd4 10. Ne2 e6 11. Qg3 Kh8 12. Bd2 d5 13. Bb3 dxe4 14. dxe4 Qb6
15. Kh1 Bd7 16. h3 Bc6 17. Qd3 Ng8 18. f5 Bb5 19. Bc4 Bxc4 20. Qxc4 Rac8 21.
Qd3 exf5 22. exf5 1/2-1/2

[Event "Landesliga Ost MVP 2013-14"]
[Site "?"]
[Date "2013.10.27"]
[Round "1.4"]
[White "Schreiner, Wolfgang"]
[Black "Poppe, Thomas"]
[Result "0-1"]
[WhiteElo "1789"]
[BlackElo "1696"]
[PlyCount "31"]
[EventType "team-tourn"]
[EventRounds "9"]
[EventCountry "GER"]
[WhiteTeam "ESV Waren"]
[BlackTeam "SSC Graal-Müritz"]
[WhiteTeamCountry "GER"]
[BlackTeamCountry "GER"]

1. e4 c5 2. Nf3 d6 3. Bb5+ Bd7 4. Bxd7+ Nxd7 5. O-O Ngf6 6. Qe2 Qc7 7. c3 Rc8
8. d4 cxd4 9. cxd4 g6 10. e5 dxe5 11. dxe5 Ng4 12. e6 Nde5 13. Bf4 f6 14. Nxe5
Nxe5 15. Qb5+ Qc6 16. Rc1 {(Nach Protest Partieentscheidung des Staffelleiters
auf  -/+)} 0-1

[Event "Landesliga Ost MVP 2013-14"]
[Site "?"]
[Date "2013.10.27"]
[Round "1.5"]
[White "Micheel, Peter"]
[Black "Pelnar, Helmut"]
[Result "1/2-1/2"]
[WhiteElo "1710"]
[BlackElo "1776"]
[PlyCount "93"]
[EventType "team-tourn"]
[EventRounds "9"]
[EventCountry "GER"]
[WhiteTeam "SSC Graal-Müritz"]
[BlackTeam "ESV Waren"]
[WhiteTeamCountry "GER"]
[BlackTeamCountry "GER"]

1. e4 e5 2. Nf3 Nc6 3. d4 exd4 4. Nxd4 Bc5 5. Be3 Bb6 6. Nc3 Nxd4 7. Bxd4 Qg5
8. Nb5 Ba5+ 9. c3 a6 10. Na3 Ne7 11. Nc4 Nc6 12. Be3 Qg6 13. Qd5 Bb6 14. Bxb6
Ne7 15. Qd4 Nc6 16. Qe3 cxb6 17. Nxb6 Rb8 18. O-O-O d6 19. Nc4 O-O 20. Be2 Be6
21. f4 Bxc4 22. Bxc4 Rfe8 23. Bd5 Ne7 24. Qg3 Qh6 25. Qg5 Qxg5 26. fxg5 Nxd5
27. Rxd5 Rxe4 28. Rxd6 Rg4 29. Rhd1 Kf8 30. Rd8+ Rxd8 31. Rxd8+ Ke7 32. Rh8
Rxg2 33. Rxh7 Rxg5 34. Kc2 Rg2+ 35. Kb3 f5 36. a4 f4 37. Kc4 f3 38. Kd3 Kf6 39.
Rh3 f2 40. Ke2 f1=Q+ 41. Kxf1 Rxb2 42. Rh4 a5 43. h3 g5 44. Rc4 b6 45. Kg1 Kf5
46. Rg4 Re2 47. Rc4 1/2-1/2

[Event "Landesliga Ost MVP 2013-14"]
[Site "?"]
[Date "2013.10.27"]
[Round "1.6"]
[White "Lotz, Robert"]
[Black "Kundt, Guenther"]
[Result "1-0"]
[WhiteElo "1736"]
[BlackElo "1528"]
[PlyCount "87"]
[EventType "team-tourn"]
[EventRounds "9"]
[EventCountry "GER"]
[WhiteTeam "ESV Waren"]
[BlackTeam "SSC Graal-Müritz"]
[WhiteTeamCountry "GER"]
[BlackTeamCountry "GER"]

1. e4 c5 2. Nf3 Nc6 3. d4 cxd4 4. Nxd4 Nf6 5. Nxc6 bxc6 6. Bd3 d6 7. Nc3 g6 8.
O-O Bg7 9. Be3 O-O 10. h3 Qc7 11. Qd2 Rb8 12. Rab1 d5 13. b3 Rd8 14. exd5 Nxd5
15. Nxd5 cxd5 16. f4 f5 17. Qf2 a5 18. a4 e5 19. fxe5 Bxe5 20. Bf4 Bxf4 21.
Qxf4 Qxf4 22. Rxf4 Bb7 23. Bb5 Rbc8 24. Rf2 Bc6 25. Bd3 Re8 26. Rf4 Re5 27. Kf2
Rce8 28. g4 g5 29. Rxf5 Bd7 30. Rxe5 Rxe5 31. Re1 Rxe1 32. Kxe1 h5 33. Be2 h4
34. Kd2 Kf7 35. Kd3 Ke7 36. Kd4 Kd6 37. Bf3 Be6 38. c3 Bf7 39. b4 axb4 40. cxb4
Be8 41. b5 Bf7 42. a5 Be8 43. Be2 Bd7 44. a6 1-0

[Event "Landesliga Ost MVP 2013-14"]
[Site "?"]
[Date "2013.10.27"]
[Round "1.8"]
[White "Wuttke, Reiner"]
[Black "Hoese, Florian"]
[Result "1-0"]
[WhiteElo "1511"]
[BlackElo "1013"]
[PlyCount "35"]
[EventType "team-tourn"]
[EventRounds "9"]
[EventCountry "GER"]
[WhiteTeam "ESV Waren"]
[BlackTeam "SSC Graal-Müritz"]
[WhiteTeamCountry "GER"]
[BlackTeamCountry "GER"]

1. e4 c6 2. d4 d5 3. Nc3 dxe4 4. Nxe4 Bf5 5. Ng3 Bg6 6. Nf3 Nf6 7. Bd3 Bxd3 8.
Qxd3 e6 9. O-O c5 10. Qb5+ Qd7 11. Qxd7+ Nbxd7 12. c3 Bd6 13. Re1 Bxg3 14. hxg3
O-O 15. Bf4 Rfe8 16. Rad1 cxd4 17. Rxd4 Ng4 18. Rxd7 1-0

[Event "Landesliga Ost MVP 2013-14"]
[Site "?"]
[Date "2013.10.27"]
[Round "1.1"]
[White "Alder, Bodo"]
[Black "Scheel, Henrik"]
[Result "1/2-1/2"]
[WhiteElo "1915"]
[BlackElo "1901"]
[PlyCount "43"]
[EventType "team-tourn"]
[EventRounds "9"]
[EventCountry "GER"]
[WhiteTeam "SC Seehotel Binz-Therme Rügen"]
[BlackTeam "SV Rugia Bergen"]
[WhiteTeamCountry "GER"]
[BlackTeamCountry "GER"]

1. e4 e5 2. Nc3 Nc6 3. g3 Nf6 4. Bg2 d6 5. Nf3 Bg4 6. h3 Bh5 7. g4 Bg6 8. d3
Be7 9. Be3 d5 10. exd5 Nxd5 11. Nxd5 Qxd5 12. O-O Qd6 13. Nd2 O-O 14. Ne4 Qe6
15. Nc5 Bxc5 16. Bxc5 Rfe8 17. Re1 h5 18. Be3 Qd6 19. Qd2 Rad8 20. Qc3 Nd4 21.
Bxd4 Qxd4 22. Be4 1/2-1/2

[Event "Landesliga Ost MVP 2013-14"]
[Site "?"]
[Date "2013.10.27"]
[Round "1.2"]
[White "Bohl, Stefan"]
[Black "Oergel, Ullrich"]
[Result "1-0"]
[WhiteElo "1961"]
[BlackElo "1740"]
[PlyCount "91"]
[EventType "team-tourn"]
[EventRounds "9"]
[EventCountry "GER"]
[WhiteTeam "SV Rugia Bergen"]
[BlackTeam "SC Seehotel Binz-Therme Rügen"]
[WhiteTeamCountry "GER"]
[BlackTeamCountry "GER"]

1. d4 d5 2. Nf3 Nf6 3. e3 g6 4. Be2 Bg7 5. O-O O-O 6. b3 c6 7. Bb2 Nbd7 8. Nbd2
Re8 9. c4 e6 10. Qc2 Qc7 11. Rac1 h6 12. Bd3 Nh7 13. e4 dxe4 14. Bxe4 Ndf6 15.
Bd3 Qf4 16. Rfe1 Bd7 17. g3 Qd6 {(=)} 18. Ne5 Nf8 19. c5 Qc7 20. Ndc4 Re7 21.
Qe2 Nd5 22. a3 Be8 23. Nd6 Nd7 24. Nec4 Nf8 25. Ne3 Nf6 26. f4 Rd7 27. d5 cxd5
28. Bb5 Rdd8 29. Bxf6 Bxf6 30. Nxe8 Rxe8 31. Bxe8 Rxe8 32. b4 Rd8 33. Qd3 h5
34. Nc2 e5 35. fxe5 Bxe5 36. Nd4 Bxd4+ 37. Qxd4 Ne6 38. Qf6 Qd7 39. Rxe6 fxe6
40. Qxg6+ Qg7 41. Qxe6+ Kh8 42. Rf1 Qd4+ 43. Rf2 Qg7 44. Rf6 Qg4 45. Rh6+ Kg7
46. Qf6+ 1-0

[Event "Landesliga Ost MVP 2013-14"]
[Site "?"]
[Date "2013.10.27"]
[Round "1.3"]
[White "Horch, Helmut"]
[Black "Pawlick, Helmut"]
[Result "1-0"]
[WhiteElo "1697"]
[BlackElo "1871"]
[PlyCount "80"]
[EventType "team-tourn"]
[EventRounds "9"]
[EventCountry "GER"]
[WhiteTeam "SC Seehotel Binz-Therme Rügen"]
[BlackTeam "SV Rugia Bergen"]
[WhiteTeamCountry "GER"]
[BlackTeamCountry "GER"]

1. d4 Nf6 2. Nf3 g6 3. c4 c5 4. d5 Bg7 5. Nc3 d6 6. e4 O-O 7. h3 e6 8. Bd3 exd5
9. exd5 Re8+ 10. Be3 Nbd7 11. O-O a6 12. a4 Ne5 13. Nxe5 Rxe5 14. Bf4 Re8 15.
Qd2 Qc7 16. Rfe1 Bd7 17. Rxe8+ Rxe8 18. Re1 Nh5 19. Rxe8+ Bxe8 20. Bh2 Bf8 21.
g4 Ng7 22. Ne4 f5 23. gxf5 Nxf5 24. Nf6+ Kf7 25. Nxh7 Bd7 26. Nxf8 Kxf8 27. Qc3
Kg8 28. Qf6 Bc8 29. Qxg6+ Qg7 30. Qxg7+ Kxg7 31. Bxf5 Bxf5 32. Bxd6 Bd3 33.
Bxc5 Bxc4 34. d6 Be6 35. h4 Bd7 36. a5 Kg6 37. Kh2 Kh5 38. Kg3 Kg6 39. Kf4 Be6
40. Ke5 Bd7 1-0

[Event "Landesliga Ost MVP 2013-14"]
[Site "?"]
[Date "2013.10.27"]
[Round "1.4"]
[White "Sommer, Stefan"]
[Black "Ilanz, Kazimierz"]
[Result "1-0"]
[WhiteElo "1737"]
[BlackElo "1602"]
[PlyCount "85"]
[EventType "team-tourn"]
[EventRounds "9"]
[EventCountry "GER"]
[WhiteTeam "SV Rugia Bergen"]
[BlackTeam "SC Seehotel Binz-Therme Rügen"]
[WhiteTeamCountry "GER"]
[BlackTeamCountry "GER"]

1. e4 e5 2. Nf3 Nc6 3. Bb5 a6 4. Ba4 Nf6 5. O-O Bc5 6. c3 b5 7. Bc2 d6 8. h3
O-O 9. d4 Bb6 10. Bg5 h6 11. Bh4 Re8 12. a3 Bd7 13. Qd3 Qe7 14. Nbd2 Nb8 15.
Nh2 c5 16. d5 c4 17. Qe2 a5 18. Kh1 Bd8 19. f4 Qf8 20. f5 Na6 21. Bf2 a4 22.
Be3 Kh7 23. g4 Qh8 24. h4 Bc8 25. g5 hxg5 26. hxg5 Nd7 27. Rf3 Kg8 28. Qg2 Kf8
29. Rh3 Qg8 30. Rh5 Ke7 31. Rg1 Bb6 32. f6+ Kd8 33. Bxb6+ Nxb6 34. Qf2 Kc7 35.
g6 Rf8 36. fxg7 Qxg7 37. Rh7 Qg8 38. g7 Qxh7 39. gxf8=Q Bd7 40. Qg7 Qxg7 41.
Rxg7 Nc5 42. Rh7 Rf8 43. Rh4 1-0

[Event "Landesliga Ost MVP 2013-14"]
[Site "?"]
[Date "2013.10.27"]
[Round "1.5"]
[White "Koesterke, Klaus"]
[Black "Pawlowicz, Wolfgang"]
[Result "1/2-1/2"]
[WhiteElo "1386"]
[BlackElo "1755"]
[PlyCount "88"]
[EventType "team-tourn"]
[EventRounds "9"]
[EventCountry "GER"]
[WhiteTeam "SC Seehotel Binz-Therme Rügen"]
[BlackTeam "SV Rugia Bergen"]
[WhiteTeamCountry "GER"]
[BlackTeamCountry "GER"]

1. Nf3 Nf6 2. g3 d6 3. d4 g6 4. Bg2 Bg7 5. O-O Bd7 6. Nc3 Qc8 7. e4 Bg4 8. Qe1
Nc6 9. Be3 h5 10. h4 Bxf3 11. Bxf3 Ng4 12. Ne2 Nxe3 13. fxe3 Qd7 14. c3 e5 15.
d5 Ne7 16. Kh2 Ng8 17. Ng1 Nh6 18. Bg2 Ng4+ 19. Kh1 f6 20. Nh3 Ke7 21. Rf3 Bh6
22. Qe2 Raf8 23. Nf2 f5 24. Nxg4 hxg4 25. Rff1 Rf7 26. exf5 gxf5 27. Kg1 Kd8
28. Rf2 Re8 29. Qd3 Ref8 30. Raf1 a6 31. b3 Kc8 32. c4 Kb8 33. Re1 e4 34. Qc2
Bg7 35. Bf1 Be5 36. Rg2 Qe7 37. Be2 Rh7 38. Rf1 Qd7 39. Bxg4 Rhf7 40. Bh3 Re8
41. Qf2 Ref8 42. Kh2 Qe7 43. Kh1 Qf6 44. Qe2 Qh6 1/2-1/2

[Event "Landesliga Ost MVP 2013-14"]
[Site "?"]
[Date "2013.10.27"]
[Round "1.6"]
[White "Burwitz, Joerg"]
[Black "Gorlt, Guenter"]
[Result "1/2-1/2"]
[WhiteElo "1673"]
[BlackElo "1409"]
[PlyCount "44"]
[EventType "team-tourn"]
[EventRounds "9"]
[EventCountry "GER"]
[WhiteTeam "SV Rugia Bergen"]
[BlackTeam "SC Seehotel Binz-Therme Rügen"]
[WhiteTeamCountry "GER"]
[BlackTeamCountry "GER"]

1. d4 d5 2. Nf3 Nf6 3. g3 e6 4. Bg2 Nbd7 5. O-O c5 6. c3 Bd6 7. Bg5 h6 8. Bxf6
Nxf6 9. Nbd2 O-O 10. Rc1 b5 11. Ne5 Qb6 12. e3 Rb8 13. dxc5 Qxc5 14. Nd3 Qb6
15. b4 a5 16. a3 Bd7 17. e4 dxe4 18. Nxe4 Nxe4 19. Bxe4 Rfd8 20. Qe2 axb4 21.
cxb4 Rbc8 22. Qb2 Be7 1/2-1/2

[Event "Landesliga Ost MVP 2013-14"]
[Site "?"]
[Date "2013.10.27"]
[Round "1.7"]
[White "Moeser, Markus"]
[Black "Tabbert, Dirk"]
[Result "0-1"]
[WhiteElo "1351"]
[BlackElo "1588"]
[PlyCount "58"]
[EventType "team-tourn"]
[EventRounds "9"]
[EventCountry "GER"]
[WhiteTeam "SC Seehotel Binz-Therme Rügen"]
[BlackTeam "SV Rugia Bergen"]
[WhiteTeamCountry "GER"]
[BlackTeamCountry "GER"]

1. d4 f5 2. Nf3 Nf6 3. c4 e6 4. Nc3 Be7 5. Bf4 O-O 6. d5 exd5 7. cxd5 d6 8. e3
Nbd7 9. Bc4 Nb6 10. b3 Nxc4 11. bxc4 b6 12. Qd3 Nh5 13. Bg3 g5 14. h4 Nxg3 15.
fxg3 g4 16. Nd4 Bf6 17. Kd2 Qe8 18. Rae1 Be5 19. Nde2 c6 20. Nf4 Bb7 21. e4
cxd5 22. exd5 Rc8 23. Ne6 Rf6 24. Rhf1 Qg6 25. Nf4 Qh6 26. Kc2 Ba6 27. Qe3 Bxc4
28. Rf2 Ba6 29. Nd3 Bxd3+ 0-1

[Event "Landesliga Ost MVP 2013-14"]
[Site "?"]
[Date "2013.10.27"]
[Round "1.8"]
[White "Pawlowicz, Karsten"]
[Black "Mundt, Friedhelm"]
[Result "1/2-1/2"]
[WhiteElo "1558"]
[BlackElo "1181"]
[PlyCount "40"]
[EventType "team-tourn"]
[EventRounds "9"]
[EventCountry "GER"]
[WhiteTeam "SV Rugia Bergen"]
[BlackTeam "SC Seehotel Binz-Therme Rügen"]
[WhiteTeamCountry "GER"]
[BlackTeamCountry "GER"]

1. c4 e5 2. Nc3 Nc6 3. Nf3 Nf6 4. d4 exd4 5. Nxd4 Nxd4 6. Qxd4 d6 7. Bg5 Be7 8.
Ne4 Nxe4 9. Qxe4 Be6 10. Bxe7 Qxe7 11. Qxb7 O-O 12. e3 Rfb8 13. Qf3 Rd8 14. Bd3
d5 15. O-O dxc4 16. Bc2 Rab8 17. Qh5 g6 18. Qe5 Qd6 19. Qc3 Qb4 20. Rfd1 Qxc3
1/2-1/2

[Event "Landesliga Ost MVP 2013-14"]
[Site "?"]
[Date "2013.10.27"]
[Round "1.2"]
[White "Schwarz, Eckhard"]
[Black "Reinke, Thomas"]
[Result "1/2-1/2"]
[WhiteElo "1843"]
[BlackElo "1847"]
[PlyCount "26"]
[EventType "team-tourn"]
[EventRounds "9"]
[EventCountry "GER"]
[WhiteTeam "SV Waterkant Saal"]
[BlackTeam "SV Motor Wolgast 1949"]
[WhiteTeamCountry "GER"]
[BlackTeamCountry "GER"]

1. d4 f5 2. c4 Nf6 3. g3 g6 4. Bg2 Bg7 5. Nc3 O-O 6. e4 fxe4 7. Nxe4 d6 8. h4
Nbd7 9. Ne2 Qe8 10. N2c3 c6 11. Be3 Nxe4 12. Nxe4 Nf6 13. Qe2 Bd7 1/2-1/2

[Event "Landesliga Ost MVP 2013-14"]
[Site "?"]
[Date "2013.10.27"]
[Round "1.3"]
[White "Riebort, Frank"]
[Black "Onasch, Gunnar"]
[Result "1/2-1/2"]
[WhiteElo "1932"]
[BlackElo "1863"]
[PlyCount "33"]
[EventType "team-tourn"]
[EventRounds "9"]
[EventCountry "GER"]
[WhiteTeam "SV Motor Wolgast 1949"]
[BlackTeam "SV Waterkant Saal"]
[WhiteTeamCountry "GER"]
[BlackTeamCountry "GER"]

1. d4 Nf6 2. c4 c5 3. d5 e6 4. Nc3 exd5 5. cxd5 d6 6. e4 g6 7. Nf3 Bg7 8. Bd3
O-O 9. O-O Bg4 10. Bf4 Bxf3 11. Qxf3 Nh5 12. Rab1 Nxf4 13. Qxf4 Qe7 14. Rfe1
Nd7 15. Qd2 a6 16. a4 Ne5 17. Be2 1/2-1/2

[Event "Landesliga Ost MVP 2013-14"]
[Site "?"]
[Date "2013.10.27"]
[Round "1.4"]
[White "Richter, Frank"]
[Black "Zimmermann, Frank"]
[Result "1/2-1/2"]
[WhiteElo "1655"]
[BlackElo "1606"]
[PlyCount "32"]
[EventType "team-tourn"]
[EventRounds "9"]
[EventCountry "GER"]
[WhiteTeam "SV Waterkant Saal"]
[BlackTeam "SV Motor Wolgast 1949"]
[WhiteTeamCountry "GER"]
[BlackTeamCountry "GER"]

1. d4 d5 2. c4 e6 3. Nc3 Nf6 4. cxd5 exd5 5. Bf4 Be7 6. e3 O-O 7. Bd3 Nc6 8.
Nge2 a6 9. O-O Bg4 10. a3 Re8 11. Qc2 Bxe2 12. Nxe2 h6 13. b4 Nh5 14. h3 Nxf4
15. Nxf4 Nb8 16. Rfd1 c6 1/2-1/2

[Event "Landesliga Ost MVP 2013-14"]
[Site "?"]
[Date "2013.10.27"]
[Round "1.5"]
[White "Schellner, Ulf"]
[Black "Nickel, Reimo"]
[Result "1/2-1/2"]
[WhiteElo "1642"]
[BlackElo "1767"]
[PlyCount "48"]
[EventType "team-tourn"]
[EventRounds "9"]
[EventCountry "GER"]
[WhiteTeam "SV Motor Wolgast 1949"]
[BlackTeam "SV Waterkant Saal"]
[WhiteTeamCountry "GER"]
[BlackTeamCountry "GER"]

1. d4 d5 2. c4 c6 3. Nf3 Nf6 4. Nc3 dxc4 5. a4 e6 6. e3 Bb4 7. Bd2 Bxc3 8. Bxc3
b5 9. axb5 cxb5 10. b3 Nd5 11. Ba5 Qd6 12. bxc4 bxc4 13. Bxc4 O-O 14. O-O Nc6
15. Qd2 Bd7 16. Rfc1 Nxa5 17. Qxa5 Nb6 18. Bd3 Bc6 19. Qh5 g6 20. Qh6 Bxf3 21.
gxf3 f5 22. f4 Rf7 23. Bb5 Rc7 24. Qh3 Rac8 1/2-1/2

[Event "Landesliga Ost MVP 2013-14"]
[Site "?"]
[Date "2013.10.27"]
[Round "1.6"]
[White "Ehmann, Roland"]
[Black "Pochop, Bert"]
[Result "0-1"]
[WhiteElo "1507"]
[BlackElo "1797"]
[PlyCount "86"]
[EventType "team-tourn"]
[EventRounds "9"]
[EventCountry "GER"]
[WhiteTeam "SV Waterkant Saal"]
[BlackTeam "SV Motor Wolgast 1949"]
[WhiteTeamCountry "GER"]
[BlackTeamCountry "GER"]

1. d4 d5 2. c4 e6 3. a3 Nf6 4. e3 c5 5. Nf3 Be7 6. Nc3 O-O 7. Be2 dxc4 8. Bxc4
b6 9. O-O Bb7 10. Be2 Nbd7 11. dxc5 Nxc5 12. b4 Nce4 13. Bb2 Nxc3 14. Bxc3 Rc8
15. Rc1 Ne4 16. Bd4 Bf6 17. Rxc8 Qxc8 18. Bxf6 Nxf6 19. Qc1 Nd5 20. Nd4 Nc3 21.
Bf3 Bxf3 22. Qd2 Ba8 23. Rc1 Qb7 24. f3 Nd5 25. e4 Nf6 26. Nb5 a6 27. Nd6 Qd7
28. Rd1 Rd8 29. Qg5 Bxe4 30. Rd2 Bd5 31. Nc4 Qc7 32. Ne3 h6 33. Qh4 Qc1+ 34.
Nf1 Qxa3 35. h3 Rc8 36. Kh2 a5 37. bxa5 Qxa5 38. Rd4 b5 39. Ne3 Qc7+ 40. Kg1
Qc1+ 41. Kf2 Rc3 42. Qf4 b4 43. Rxb4 Qd2+ 0-1

[Event "Landesliga Ost MVP 2013-14"]
[Site "?"]
[Date "2013.10.27"]
[Round "1.7"]
[White "Reimer, Karl"]
[Black "Nickel, Udo"]
[Result "1/2-1/2"]
[WhiteElo "1619"]
[BlackElo "1675"]
[PlyCount "43"]
[EventType "team-tourn"]
[EventRounds "9"]
[EventCountry "GER"]
[WhiteTeam "SV Motor Wolgast 1949"]
[BlackTeam "SV Waterkant Saal"]
[WhiteTeamCountry "GER"]
[BlackTeamCountry "GER"]

1. c4 e6 2. Nc3 d5 3. cxd5 exd5 4. d4 Nf6 5. Nf3 Be7 6. Bg5 h6 7. Bh4 O-O 8. e3
c6 9. Be2 Qb6 10. Qc1 Bg4 11. O-O Nbd7 12. Ne5 Bxe2 13. Nxe2 Qd8 14. Nxd7 Qxd7
15. h3 Ne4 16. Bxe7 Qxe7 17. Qc2 Qb4 18. a3 Qd2 19. Qxd2 Nxd2 20. Rfd1 Ne4 21.
Rac1 Rfe8 22. Nc3 1/2-1/2

[Event "Landesliga Ost MVP 2013-14"]
[Site "?"]
[Date "2013.10.27"]
[Round "1.8"]
[White "Hiltner, Harald"]
[Black "Klotzsche, Stefan"]
[Result "0-1"]
[WhiteElo "1515"]
[BlackElo "1626"]
[PlyCount "98"]
[EventType "team-tourn"]
[EventRounds "9"]
[EventCountry "GER"]
[WhiteTeam "SV Waterkant Saal"]
[BlackTeam "SV Motor Wolgast 1949"]
[WhiteTeamCountry "GER"]
[BlackTeamCountry "GER"]

1. e4 e6 2. Nf3 c5 3. c3 a6 4. d4 cxd4 5. Nxd4 Qc7 6. Nd2 d6 7. Be2 Bd7 8. O-O
Nc6 9. N2b3 Rc8 10. Nxc6 Bxc6 11. Bf3 Nf6 12. Re1 Be7 13. Nd4 Bd7 14. Bg5 O-O
15. Qe2 Rfe8 16. Qe3 b5 17. e5 dxe5 18. Nc2 Nd5 19. Qd2 Bxg5 20. Qxg5 f5 21.
Rad1 Nf4 22. Qh4 Rcd8 23. g3 Ng6 24. Qb4 Bc6 25. Qc5 e4 26. Be2 Qb7 27. Nb4 Bd5
28. Nxd5 exd5 29. Bh5 Re6 30. Bxg6 Rxg6 31. Qe3 Qf7 32. Kh1 Rdd6 33. Qf4 Qf6
34. f3 Qe6 35. Rd4 h6 36. Kg1 Rf6 37. h4 Kh7 38. Kf2 Qe8 39. Rf1 Qd8 40. Qe5
Qb6 41. Ke2 Qc6 42. a3 Kg6 43. Rh1 exf3+ 44. Kxf3 Rfe6 45. h5+ Kf7 46. Qf4 Re4
47. Rxe4 dxe4+ 48. Kg2 e3+ 49. Kh3 Qxh1# 0-1

[Event "Landesliga Ost MVP 2013-14"]
[Site "?"]
[Date "2013.10.27"]
[Round "1.1"]
[White "Ballmann, Horst Gerhard"]
[Black "Voelsgen, Georg"]
[Result "0-1"]
[WhiteElo "1806"]
[BlackElo "1943"]
[PlyCount "48"]
[EventType "team-tourn"]
[EventRounds "9"]
[EventCountry "GER"]
[WhiteTeam "SV Turbine Neubrandenburg"]
[BlackTeam "SV Gryps"]
[WhiteTeamCountry "GER"]
[BlackTeamCountry "GER"]

1. Nf3 Nf6 2. d4 d5 3. c4 e6 4. Nc3 Bb4 5. a3 Bxc3+ 6. bxc3 O-O 7. e3 c6 8. Qb3
Qc7 9. Bd3 Nbd7 10. cxd5 exd5 11. O-O c5 12. Qb1 c4 13. Bc2 Re8 14. Bf5 Nb6 15.
Bxc8 Raxc8 16. a4 Ne4 17. a5 Nd7 18. Bd2 Re6 19. Be1 Rh6 20. Qb5 Ng5 21. Ne5
Nxe5 22. dxe5 Qxe5 23. f4 Qxe3+ 24. Bf2 Nf3+ 0-1

[Event "Landesliga Ost MVP 2013-14"]
[Site "?"]
[Date "2013.10.27"]
[Round "1.2"]
[White "Windjaeger, Gerd"]
[Black "Voigt, Michael"]
[Result "1-0"]
[WhiteElo "1893"]
[BlackElo "1720"]
[PlyCount "93"]
[EventType "team-tourn"]
[EventRounds "9"]
[EventCountry "GER"]
[WhiteTeam "SV Gryps"]
[BlackTeam "SV Turbine Neubrandenburg"]
[WhiteTeamCountry "GER"]
[BlackTeamCountry "GER"]

1. d4 d5 2. Nf3 Nf6 3. e3 e6 4. Bd3 Nbd7 5. Nbd2 Bd6 6. O-O O-O 7. Re1 Re8 8.
e4 dxe4 9. Nxe4 Nxe4 10. Bxe4 Nf8 11. Qe2 a5 12. c3 a4 13. Ne5 Re7 14. Nd3 c6
15. Bf4 Qc7 16. Bxd6 Qxd6 17. h4 Ra5 18. g3 g6 19. b4 Ra7 20. f4 f6 21. Rad1
Rg7 22. Kh2 b6 23. Qg2 Rac7 24. Nb2 b5 25. Nd3 h6 26. Qf2 Rcf7 27. Rf1 g5 28.
h5 f5 29. Bf3 g4 30. Bg2 Rc7 31. Rfe1 Nh7 32. Rh1 Nf6 33. Kg1 Kh7 34. Nc5 Rce7
35. Bf1 Nd5 36. Rd3 Qd8 37. Bg2 Qd6 38. Bxd5 Qxd5 39. Rh2 Rg8 40. Re3 Rf8 41.
Re5 Qc4 42. Qc2 Rd8 43. Rhe2 Rd5 44. R5e3 Kg8 45. Nd3 a3 46. Ne5 Rxe5 47. Rxe5
1-0